Toda La Vida REMIX - Anonimus, Bryant Myers, Almighty, Luar La L... - Estadísticas

Estadísticas generales
  • Esta prueba ha sido intentada 27 veces
  • La puntuación promedio es 453 de 973
Estadísticas de respuestas
Letra % Correcto
a
100%
100%
de
100%
De
100%
la
100%
La
100%
ma
100%
acaba
67%
adentro
67%
Ah
67%
ahora
67%
Ahora
67%
así
67%
baby
67%
Baby
67%
bellaca
67%
cama
67%
chingamo
67%
Chingamo
67%
con
67%
cuando
67%
decida
67%
dejé
67%
dejo
67%
Dios
67%
e
67%
E
67%
el
67%
El
67%
él
67%
en
67%
En
67%
enamorarme
67%
enamoraste
67%
es
67%
esclava
67%
Esclava
67%
fue
67%
hiciste
67%
las
67%
llama
67%
lo
67%
Lo
67%
Los
67%
los
67%
Maluma
67%
Mamando
67%
manera
67%
me
67%
Me
67%
mi
67%
67%
No
67%
no
67%
noche
67%
o
67%
pa
67%
Pa
67%
pasa
67%
pienso
67%
qué
67%
que
67%
Qué
67%
67%
se
67%
Se
67%
si
67%
67%
Si
67%
so
67%
solo
67%
te
67%
Te
67%
ti
67%
tiene
67%
to
67%
67%
67%
tu
67%
un
67%
V
67%
ven
67%
venir
67%
vida
67%
Y
67%
y
67%
yo
67%
Yo
67%
69
33%
al
33%
Amigo
33%
atrevo
33%
bebé
33%
Cáele
33%
carita
33%
chequea
33%
Chingando
33%
como
33%
Conejo
33%
conoce
33%
cuarto
33%
deseo
33%
diablita
33%
Dice
33%
dice
33%
digo
33%
dinero
33%
DM
33%
dónde
33%
enemigo
33%
esa
33%
eso
33%
está
33%
Está
33%
esto
33%
Fi
33%
fuma
33%
Hace
33%
haciendo
33%
haga
33%
hice
33%
Ja
33%
je
33%
jodiste
33%
krippy
33%
kush
33%
le
33%
Le
33%
llamas
33%
llueve
33%
Mami
33%
más
33%
mata
33%
maté
33%
ninguna
33%
nuevo
33%
ocasión
33%
oh
33%
otras
33%
pana
33%
par
33%
pero
33%
Pero
33%
pones
33%
por
33%
Por
33%
prende
33%
quería
33%
quiere
33%
Quiere
33%
Quiero
33%
ratito
33%
repita
33%
sabes
33%
Tengo
33%
tengo
33%
terminamo
33%
tiempo
33%
tira
33%
toa
33%
tres
33%
tus
33%
Uh
33%
uh
33%
una
33%
vo
33%
volví
33%
WhatsApp
33%
Wi
33%
ya
33%
Yeah
33%
yeah
33%
30
0%
abusadora
0%
actualicé
0%
Affleck
0%
Agora
0%
agotá
0%
ahorita
0%
Ajá
0%
Alcoba
0%
allá
0%
Almighty
0%
amaine
0%
Amor
0%
ancha
0%
apreta
0%
aquí
0%
azule
0%
bad
0%
bajar
0%
bandido
0%
Batichica
0%
Batman
0%
bellaquita
0%
bellaquito
0%
Ben
0%
Benjamin
0%
bicho
0%
booty
0%
boy
0%
brincando
0%
brincar
0%
Bryant
0%
bubis
0%
Buzz
0%
cacha
0%
Cacha
0%
camino
0%
cancha
0%
Cash
0%
Cat
0%
cel
0%
chingar
0%
chingaste
0%
clásico
0%
Conecto
0%
cora
0%
corté
0%
craftman
0%
cristal
0%
cuatro
0%
cuello
0%
cuerpo
0%
cuica
0%
culo
0%
Curry
0%
da
0%
daddy
0%
David
0%
dealer
0%
dedico
0%
del
0%
Desaparezco
0%
diario
0%
dicen
0%
Diddy
0%
Dime
0%
dizque
0%
Doja
0%
enchufé
0%
encima
0%
enfanga
0%
Enganchao
0%
engavete
0%
entierro
0%
entre
0%
entro
0%
ere
0%
erizá
0%
esclavizá
0%
ese
0%
Esos
0%
espalda
0%
espejo
0%
estás
0%
este
0%
estoy
0%
Ey
0%
facturando
0%
flechó
0%
Flow
0%
flow
0%
for
0%
four
0%
Franklin
0%
güira
0%
gusta
0%
gustan
0%
hago
0%
han
0%
hasta
0%
hija
0%
Hoy
0%
hoy
0%
Ia
0%
ida
0%
infinito
0%
Jaja
0%
jaja
0%
Jajaja
0%
Jennifer
0%
jetski
0%
jodan
0%
lamberme
0%
Leagues
0%
life
0%
Light
0%
Llegó
0%
Llena
0%
Lleva
0%
Llevabas
0%
llevo
0%
Lopez
0%
Louis
0%
lucha
0%
lupa
0%
Major
0%
malla
0%
mañana
0%
marca
0%
marcar
0%
Marte
0%
martillo
0%
media
0%
medio
0%
mente
0%
Michael
0%
miento
0%
Miky
0%
moja
0%
mojá
0%
motel
0%
muerde
0%
muerta
0%
Myers
0%
Mynor
0%
New
0%
nos
0%
Nosotros
0%
nota
0%
nueva
0%
oculta
0%
Ortiz
0%
os
0%
outdated
0%
Pablo
0%
pal
0%
panty
0%
pasaje
0%
peine
0%
pendejo
0%
Phelps
0%
pichea
0%
piel
0%
piernas
0%
podido
0%
polvo
0%
presumirme
0%
primer
0%
psicología
0%
puerta
0%
pues
0%
pusiste
0%
puta
0%
Quieres
0%
quieres
0%
racha
0%
respeto
0%
resucita
0%
rico
0%
roja
0%
romper
0%
romperte
0%
saco
0%
saga
0%
sales
0%
Sea
0%
señal
0%
ser
0%
siempre
0%
Siempre
0%
siente
0%
siento
0%
sin
0%
size
0%
Sobr3naturale
0%
somo
0%
soy
0%
superar
0%
suplex
0%
sus
0%
Taba
0%
temblar
0%
tenía
0%
terminamos
0%
tienes
0%
Tienes
0%
toy
0%
track
0%
Tranqui
0%
trepa
0%
Twilight
0%
Uy
0%
va
0%
vamo
0%
van
0%
vengo
0%
venida
0%
venirte
0%
ver
0%
verde
0%
video
0%
vimo
0%
vine
0%
vinimo
0%
viste
0%
volé
0%
volver
0%
voy
0%
World
0%
Wuh
0%
Yankee
0%
York
0%
No se encontraron pruebas coincidentes
Distribución de puntuación
Porcentaje de gente con cada puntuación
Porcentaje por número respondido
Historial de tus puntuaciones
No has intentado esta prueba.